| 000 | 00466nam a2200157Ia 4500 | ||
|---|---|---|---|
| 082 |
_a291 _bEAT _cL30,P-136 |
||
| 100 |
_aEaton, Gai _928517 |
||
| 245 |
_aKing of the castle _bchoice and responsibility in the modern world |
||
| 260 |
_aLahore: _bSuhail Academy, _c1981 |
||
| 300 | _a218p | ||
| 526 |
_a0 _b0 _c0 _d291_000000000000000_EAT |
||
| 650 |
_aCosmology- Islamic _937192 |
||
| 650 |
_aMCE _9379 |
||
| 650 |
_aReligion and Astronautics _937193 |
||
| 942 |
_2ddc _cBK |
||
| 999 |
_c542091 _d542091 |
||